000 nam a22 4500
999 _c8981
_d8981
008 180322b ||||| |||| 00| 0 eng d
245 _aThree cups of coffee a day keep the doctor away- studies.
260 _a Philippines:
_bManila Bulletin,
_cc2017.
300 _apage 7.
650 0 _927051
_aBeverages.
942 _2ddc
_cPER